000 00438nam a2200157Ia 4500
005 20250423100723.0
008 250422s9999 xx 000 0 und d
020 _a9780801056758
050 _aPN 4121 .L58/
100 _aLitfin, Duane A.
245 0 _aPublic speaking : a handbook for Christians
260 _c1992
300 _a364 p
650 _aPublic speaking. Public speaking--Religious aspects--Christianity.
942 _cBK
999 _c34153
_d34153